Normal view
MARC view
Entry Topical Term
001 - CONTROL NUMBER
- control field: 1362
003 - CONTROL NUMBER IDENTIFIER
- control field: OSt
005 - DATE AND TIME OF LATEST TRANSACTION
- control field: 20140929135547.0
008 - FIXED-LENGTH DATA ELEMENTS
- fixed length control field: 140929|| aca||aabn | a|a d
040 ## - CATALOGING SOURCE
- Original cataloging agency: OSt
- Transcribing agency: OSt
150 ## - HEADING--TOPICAL TERM
- Topical term or geographic name entry element: Taxation.
670 ## - SOURCE DATA FOUND
- Source citation: Work cat.: (OSt): Jones Sally M. 1361, Principles of taxation for business and investment planning /, 2007.
